| 000 | 00986nam a2200229 4500 | ||
|---|---|---|---|
| 001 | 125899 | ||
| 003 | ES-MaACL | ||
| 005 | 20260214130915.0 | ||
| 007 | t| | ||
| 008 | 070214s1953 sp r ||||1| spa d | ||
| 245 | 0 | 0 |
_aReglamento de población y demarcación territorial de las entidades locales _b: (12 de junio de 1952) / _cpor Luis Marqués Carbó ... [et al.] ; prólogo sobre demarcación de Alberto Gallego Burín ; prólogo sobre población de José Ros Jimeno. |
| 260 |
_aTarragona : _bSugrañés Hnos., _c1953. |
||
| 300 |
_a160 p. ; _c22 cm. |
||
| 594 | _aDecreto aprobado el 17 de mayo de 1952 y publicado en el BOE de 12 de junio. | ||
| 650 | 4 |
_aAdministración local- _xDerecho y legislación- _zEspaña. _9169585 |
|
| 700 | 1 |
_aMarqués Carbó, Luis. _976985 |
|
| 700 | 0 |
_aGallego y Burín, Alberto _953593 |
|
| 700 | 1 |
_aRos Jimeno, José. _999590 |
|
| 710 | 1 |
_aEspaña. _bMinisterio de Gobernación. _93872 |
|
| 852 |
_aES-MaACL _jC-6527 |
||
| 999 |
_c125899 _d125899 |
||